| 000 | 01137nam0a22003011 4500 | ||
|---|---|---|---|
| 001 | v19\rc\1747340 | ||
| 005 | 20260406082503.0 | ||
| 035 | _a(NLR Aleph) 005248593 | ||
| 090 |
_a5780039 _c5780039 |
||
| 100 | _a20061204d1902 |||y0rusy50 ca | ||
| 101 | 1 |
_arus _cger |
|
| 102 | _aRU | ||
| 105 | _ay z ||||| | ||
| 200 | 1 |
_aВырождение _fМакс Нордау _gПер. с нем. В. Генкена _gС предисл. В. Авсеенко |
|
| 205 | _a3-е изд. | ||
| 210 |
_aКиев _aПетербург _aХарьков _cФ.А. Иогансон _d1902 _eКиев |
||
| 215 |
_a292 с. _d21 |
||
| 300 | _aНапеч. в Киеве | ||
| 700 | 1 |
_7ca _8rus _aНордау _bМ. _f1849-1923 _gМакс _3RU\NLR\AUTH\7747899 _930834 |
|
| 702 | 1 |
_4080 _8rus _7ca _aАвсеенко _bВ. Г. _f1842-1913 _gВасилий Григорьевич _3RU\NLR\AUTH\7750440 _933374 |
|
| 702 | 1 |
_aГенкен _bВ. _4730 |
|
| 801 | 0 |
_aRU _bNLR _c20061204 _gpsbo |
|
| 801 | 0 |
_aRU _bRuMoRGB _c20061204 _2psbo |
|
| 801 | 1 |
_aRU _bProSoft-M _c20061204 _2rusmarc |
|
| 801 | 2 |
_aRU _bNLR _c20070402 _2rusmarc |
|
| 852 |
_aNLR _j34.7.3.108 |
||
| 942 | _cBOOK | ||
| 980 | _aNB | ||